| 000 | 01243nam a2200301 a 4500 | ||
|---|---|---|---|
| 001 | 000020114 | ||
| 003 | OSt | ||
| 005 | 20210203140623.0 | ||
| 008 | 100721s1964 sp u001 0 spa d | ||
| 040 |
_aDO-SdBNP _bspa _cBNPHu |
||
| 049 | _aBNGR | ||
| 082 |
_a985.02 _bC223t, 1964 |
||
| 100 | 1 |
_aCanilleros, Conde de _qMiguel Muñoz De San Pedro _942708 |
|
| 245 | 1 | 0 |
_aTres testigos de la conquista del Perú : _bHernando Pizarro, Juan Ruiz De Arce y Diego de Trujillo / _cMiguel Muñoz De San Pedro Conde De Canilleros. |
| 250 | _a3a ed. | ||
| 260 |
_aMadrid, (España) : _bEditorial Espasa-Calpe, _c1964. |
||
| 300 |
_a141 p. ; _c18 cm. |
||
| 490 | 1 |
_aAustral. Amarilla : libros políticos y documentos de la época ; _v1168 |
|
| 500 | _aIncluye datos biográficos del autor en la solapa. | ||
| 500 | _aIncluye índice de autores. | ||
| 500 | _aIncluye notas al pie de las páginas. | ||
| 600 | 1 | 4 |
_aPizarro Hermando _d1503-1580 _942709 |
| 600 | 1 | 4 |
_aRuiz de Arce, Juan, _d1507-1570 _942710 |
| 600 | 1 | 4 |
_aTrujillo, Diego de, _d1505-1574? _942711 |
| 650 | 4 |
_aPerú _xHistoria _xDescubrimiento y conquista _y1519-1536 _942712 |
|
| 830 | 0 |
_aAustral. Amarilla : libros políticos y documentos de la época ; _v1168 _941487 |
|
| 942 |
_2ddc _cLBS1 |
||
| 999 |
_c19622 _d19622 |
||